| 000 | 00641nam a2200253Ia 4500 | ||
|---|---|---|---|
| 003 | OSt | ||
| 005 | 20221007103439.0 | ||
| 006 | a|||||r|||| 00| 0 | ||
| 007 | ta | ||
| 008 | 221006b |||||||| |||| 00| 0 eng d | ||
| 024 | _a13,195 | ||
| 037 | _cTextual | ||
| 040 |
_aLCO _cLCO _beng |
||
| 041 |
_2eng _aeng |
||
| 082 | _aZ(D854), M5 | ||
| 100 |
_aPotdar B.R. _9705099 |
||
| 245 | 0 | _aManual of Pollutioon Law | |
| 250 | _a1st | ||
| 260 |
_aIndore _bVedpal Law House INDIA _c1985 |
||
| 300 | _a164 | ||
| 650 |
_aPollution Laws _9705100 |
||
| 942 |
_hZ(D854), M5 _cTEXL |
||
| 999 |
_c1182758 _d1182758 |
||